[Event "Berlin op 06"]
[Site "Berlin"]
[Date "2004.06.13"]
[Round "5"]
[White "Noetzel, Felix"]
[Black "Kuehne, Charly"]
[Result "1-0"]
[WhiteElo "1450"]
[BlackElo "1040"]
[PlyCount "77"]
[EventDate "2004.06.11"]
[EventType "swiss"]
[EventRounds "5"]
[EventCountry "GER"]
[SourceTitle "EXT 2007"]
[Source "ChessBase"]
[SourceDate "2006.11.23"]
[SourceVersion "1"]
[SourceVersionDate "2006.11.23"]
[SourceQuality "1"]

1. e4 Nc6 2. Nf3 e5 3. Bb5 d6 4. 0-0 Nf6 5. Nc3 Bg4 6. d3 h6 7. Nd5 a6 8. Bxc6+ bxc6 9. Ne3 d5 10. Nxg4 Nxg4 11. h3 Nf6 12. Nxe5 Qd6 13. Ng4 dxe4 14. Nxf6+ Qxf6 15. dxe4 Bd6 16. Kh1 Qe5 17. f4 Qc5 18. Qd3 0-0 19. Be3 Qb4 20. e5 Be7 21. Qb3 Qxb3 22. cxb3 Rad8 23. Rfd1 f5 24. Kg1 Rd5 25. Kf2 Rfd8 26. Ke2 Bc5 27. Bxc5 Rxd1 28. Rxd1 Rd5 29. Rxd5 cxd5 30. Be3 Kf7 31. Kd3 Ke6 32. Kd4 c6 33. Kc5 Kd7 34. Kb6 g6 35. Kxa6 Kc7 36. b4 h5 37. b5 cxb5 38. Kxb5 h4 39. a4 1-0